| 000 | nam a22 a 4500 | ||
|---|---|---|---|
| 999 |
_c2039 _d2039 |
||
| 003 | AKMAL | ||
| 005 | 20170515094330.0 | ||
| 008 | 170515s1991 myw 00 eng d | ||
| 020 | _cEdaran terhad | ||
| 040 |
_aAKMAL _cAKMAL |
||
| 043 | _aa-my--- | ||
| 049 | _amal | ||
| 082 | 0 | 4 | _a354.595 PEM |
| 090 | 0 | 0 |
_a354.595 _bPEM |
| 100 |
_aAhmad Sarji Abdul Hamid _94212 |
||
| 110 | 1 |
_aMalaysia. _bKetua Setiausaha Negara _9551 |
|
| 245 | 0 | 0 |
_aImprovement and Development in the Public Service 1990 / _cAhmad Sarji Abdul Hamid |
| 260 |
_aKuala Lumpur : _bMAMPU, Jabatan Perdana Menteri, _c1992 |
||
| 300 |
_axi, 468ms. : _bil. ; _c25cm |
||
| 521 | _aPeringkat pembaca : Dewasa | ||
| 650 | 0 |
_aCivil service _zMalaysia _9420 |
|
| 650 | 0 |
_aPublic administration _zMalaysia _9419 |
|
| 942 |
_2ddc _cBOOK |
||